| 000 | 01165cam a22002535a 4500 | ||
|---|---|---|---|
| 001 | L158263 | ||
| 008 | 141117s2014 xxk f 000 0 eng d | ||
| 020 | _a9780956945723 | ||
| 035 | _a(Sirsi) u158263 | ||
| 041 | 0 | _aeng | |
| 050 | 0 | 4 | _a725.23 $2 18 |
| 110 | 2 |
_aBritish Council for Offices _93992 |
|
| 245 | 0 | 0 |
_aGuide to specification _b2014 |
| 260 |
_aLondon _bBCO _c2014 |
||
| 300 |
_a327p. _c23cm |
||
| 350 | _a200 | ||
| 520 | _aOutlines best practice in the specification for office buildings in the UK. Looks at changing practices in office based activities including the need for flexible office space and sustainabiliy issues such as BREEAM and LEED. Site issues includes planning, location, rights of light, mixed use, party wall considerations and re-use of existing builidngs. Considers space configurations, occupancy standards, building sercices, acoustics, finishes and fit out and building information modelling (BIM), health and safety, capital allowances and procurement. | ||
| 590 | _aKA | ||
| 650 | 2 | 4 | _aOFFICES |
| 651 | 4 |
_aUnited Kingdom _y |
|
| 690 |
_aCommercial property _96227 |
||
| 690 |
_aSustainability _96271 |
||
| 942 | _n0 | ||
| 999 |
_c115230 _d115230 |
||